000 00498nam a2200169Ia 4500
008 121106t1993 xxu||||| |||| 00| 0 sin d
041 _asin
080 _aX8S1
_bJAY
100 _aNihal .P.Jayathunga
245 _aපහළ ගෙදර ඇත්තන්ගේ විත්ති
246 _aPahala Gedara Eththange Viththi
260 _bDayavansha Jayakodi Samagama
_aColombo 10
_c1993
300 _b72p., 21 cm
942 _cBK
999 _c75729
_d75729
003 LK-CoDNM
040 _aLK-CoDNM
_dLK-CoDNM
_eLK-CoDNM